| Tag |
First Indicator |
Second Indicator |
Subfields |
| LEADER |
00000cam a2200000 4500 |
| 001 |
in00000062274 |
| 005 |
20151008051707.0 |
| 008 |
750919s1911 nyud b 00110 engx |
| 010 |
|
|
|a 11023372
|
| 035 |
|
|
|a (OCoLC)01636624
|
| 035 |
|
|
|9 AAG9442AM
|
| 040 |
|
|
|a DLC
|c ZIH
|d ZIH
|d TXA
|d UtOrBLW
|
| 049 |
|
|
|a TXAM
|c [9369]
|
| 050 |
|
0 |
|a JS342
|b .W7
|
| 092 |
|
|
|a 352.008
|b W893c
|
| 100 |
1 |
|
|a Woodruff, Clinton Rogers,
|d 1868-1948.
|
| 245 |
1 |
0 |
|a City government by commission /
|c ed. by Clinton Rogers Woodruff.
|
| 264 |
|
1 |
|a New York,
|a London :
|b Appleton,
|c 1911.
|
| 300 |
|
|
|a ix, 1 unnumbered page, 381 pages including charts. ;
|c 20 cm.
|
| 336 |
|
|
|a text
|b txt
|2 rdacontent
|
| 337 |
|
|
|a unmediated
|b n
|2 rdamedia
|
| 338 |
|
|
|a volume
|b nc
|2 rdacarrier
|
| 490 |
1 |
|
|a National municipal league series
|
| 504 |
|
|
|a Bibliography: 355-369.
|
| 650 |
|
0 |
|a Municipal government by commission.
|
| 700 |
1 |
|
|a MacGregor, Ford H.
|q (Ford Herbert)
|
| 830 |
|
0 |
|a National Municipal league series.
|
| 999 |
|
|
|a MARS
|
| 999 |
f |
f |
|s da8bc726-1f9b-3154-b733-a3c9a11a5d69
|i 9b859cd5-ce97-3ba8-b837-ec07b083aa57
|t 0
|
| 952 |
f |
f |
|p normal
|a Texas A&M University
|b College Station
|c Sterling C. Evans Library
|d Evans: Library Stacks
|t 0
|e JS342 .W7
|h Library of Congress classification
|i unmediated -- volume
|m A14800796399
|
| 998 |
f |
f |
|a JS342 .W7
|t 0
|l Evans: Library Stacks
|